000 00608nam a22002177a 4500
003 UA-OsUOA
001 77915
007 ta
008 20110926b un ||||| |||| 00| 0 ukr d
100 _aСинюк С.
090 _a82
_bС38
942 _cSA
040 _aUA-OsUOA
_bukr
_cUA-OsUOA
_dUA-OsUOA
245 _aБез гніву і пристрасті/ про книгу Кралюка П. "Сильні та одинокі"
300 _aС.7
955 _a0
041 _aukr
080 _a82
773 0 _w77914
650 7 _a82 Література. Літературознавство
_2UDC
999 _c364224
_d364224